Príspevok k optimalizácii prevádzky sekundárneho okruhu jadrovej elektrárne typu VVER 440. /

Gespeichert in:
Bibliographische Detailangaben
1. Verfasser: Repka, Ladislav (Verfasst von)
Format: Manuskript Buch
Veröffentlicht: Bratislav : SVŠT v Bratislave SjF, 1984
Tags: Tag hinzufügen
Keine Tags, Fügen Sie das erste Tag hinzu!

MARC

LEADER 00000ntm a22000003a 4500
001 stu47840
005 20150617225712.4
008 ------s1984----cs----------------------d
040 |a STU  |b slo 
041 0
044 |a cs 
080 |a 621.311.25 
080 |a 621.039 
100 1 |a Repka, Ladislav  |4 aut 
245 1 |a Príspevok k optimalizácii prevádzky sekundárneho okruhu jadrovej elektrárne typu VVER 440. /  |c [aut.] Repka,Ladislav 
260 |a Bratislav :  |b SVŠT v Bratislave SjF,  |c 1984 
300 |a 139 s 
996 |b J74985  |c J*74985/DIZ.  |l JJSK  |s A  |a 24  |w stu47840_0001